[Event "I. CLANSKA LIGA ZAHOD 2024"]
[Site "Komenda"]
[Date "2024.10.11"]
[Round "4.1"]
[White "Dimnik, Miha"]
[Black "Gasparac, Gregor"]
[Result "1/2-1/2"]
[WhiteElo "1864"]
[BlackElo "2087"]
[PlyCount "62"]
[EventDate "2024.09.27"]
[WhiteTeam "SK TREBNJE BMP"]
[BlackTeam "SK KOCEVJE"]

1. b3 e5 2. e3 Nc6 3. Bb2 g6 4. d4 exd4 5. exd4 Bg7 6. Nf3 Nge7 7. Be2 O-O 8.
O-O d5 9. Nbd2 Nf5 10. c3 h6 11. b4 a6 12. a4 Re8 13. Bd3 Be6 14. Nb3 a5 15.
Bb5 axb4 16. cxb4 Nd6 17. Bxc6 bxc6 18. Nc5 Bg4 19. h3 Bxf3 20. Qxf3 Ne4 21.
Rfe1 Nxc5 22. Rxe8+ Qxe8 23. bxc5 Qb8 24. Qc3 Qb7 25. a5 Qa6 26. Bc1 Re8 27.
Be3 f5 28. f3 g5 29. Re1 Ra8 30. Ra1 Re8 31. Re1 Ra8 1/2-1/2

[Event "I. CLANSKA LIGA ZAHOD 2024"]
[Site "Komenda"]
[Date "2024.10.11"]
[Round "4.2"]
[White "Brezovar, Matjaz"]
[Black "Rodman, Franc"]
[Result "1-0"]
[WhiteElo "2182"]
[BlackElo "1999"]
[PlyCount "61"]
[EventDate "2024.09.27"]
[WhiteTeam "SK DOLENJSKE TOPLICE"]
[BlackTeam "SD SIJ ACRONI JESENICE"]

1. g3 Nf6 2. Bg2 g6 3. c4 Bg7 4. Nc3 O-O 5. e4 d6 6. Nge2 c5 7. O-O Nc6 8. d3
Bd7 9. h3 Rb8 10. Be3 a6 11. a4 h5 12. d4 b6 13. f4 Na5 14. e5 Nxc4 15. exf6
Nxe3 16. Qd3 Nxf1 17. fxg7 Kxg7 18. Rxf1 b5 19. axb5 Bxb5 20. Nxb5 Rxb5 21. f5
g5 22. f6+ exf6 23. g4 c4 24. Qxc4 f5 25. gxf5 Qc8 26. Qd3 Rxb2 27. f6+ Kh8 28.
Be4 Qe6 29. Qf3 Rb3 30. Bd3 g4 31. Qf4 1-0

[Event "I. CLANSKA LIGA ZAHOD 2024"]
[Site "Komenda"]
[Date "2024.10.11"]
[Round "4.2"]
[White "Jeraj, Zlatko"]
[Black "Luzar, Emil"]
[Result "1/2-1/2"]
[WhiteElo "1989"]
[BlackElo "2116"]
[PlyCount "66"]
[EventDate "2024.09.27"]
[WhiteTeam "SD SIJ ACRONI JESENICE"]
[BlackTeam "SK DOLENJSKE TOPLICE"]

1. d4 Nf6 2. c4 g6 3. Nc3 Bg7 4. Nf3 O-O 5. e4 d6 6. h3 e5 7. Be3 exd4 8. Nxd4
Re8 9. Bd3 c6 10. Qf3 Nbd7 11. O-O-O Ne5 12. Qe2 d5 13. cxd5 Nxd3+ 14. Qxd3
cxd5 15. Nc2 Nxe4 16. Qxd5 Bf5 17. Qxd8 Raxd8 18. Rxd8 Rxd8 19. Nxe4 Bxe4 20.
f3 Bf5 21. Re1 h5 22. g4 hxg4 23. hxg4 Be6 24. Kb1 f5 25. Bd4 Bxa2+ 26. Kxa2
Bxd4 27. Rd1 Bb6 28. Rxd8+ Bxd8 29. gxf5 g5 30. Ne3 Kf7 31. Nd5 Ke8 32. Kb3 Kd7
33. Kc4 Kd6 1/2-1/2

[Event "I. CLANSKA LIGA ZAHOD 2024"]
[Site "Komenda"]
[Date "2024.10.11"]
[Round "4.2"]
[White "Stubljar, Andrej"]
[Black "Pazlar, Marko"]
[Result "1/2-1/2"]
[WhiteElo "2017"]
[BlackElo "1975"]
[PlyCount "95"]
[EventDate "2024.09.27"]
[WhiteTeam "SK DOLENJSKE TOPLICE"]
[BlackTeam "SD SIJ ACRONI JESENICE"]

1. d4 e6 2. h3 d5 3. e3 c5 4. a3 Nf6 5. dxc5 a5 6. Qd4 Qc7 7. b4 Bd7 8. Qb2 Be7
9. Nf3 O-O 10. Nbd2 Nc6 11. Rb1 axb4 12. axb4 Ra4 13. c3 Rfa8 14. Bd3 e5 15.
Bb5 Ra2 16. Qb3 Bf5 17. Rb2 R2a3 18. Qd1 Rxc3 19. Nh4 Bd3 20. Bxd3 Rxd3 21. Nf5
Bf8 22. Qe2 Rc3 23. O-O g6 24. Ng3 e4 25. Nb3 Ne5 26. Bd2 Rd3 27. Ra1 Rxb3 28.
Rxa8 Rxb2 29. Qd1 Nd3 30. Bc3 Rxf2 31. Nh1 Rf5 32. Qa1 Nd7 33. Re8 f6 34. Qa8
Qc6 35. Ng3 Re5 36. Bxe5 N3xe5 37. Ne2 Qa6 38. Qxa6 bxa6 39. Nd4 Kf7 40. Ra8
Nxc5 41. bxc5 Bxc5 42. Nc2 Nc4 43. Kf2 a5 44. Ra6 Bb6 45. Ke2 Ke6 46. Na3 Nxa3
47. Rxb6+ Ke5 48. g4 1/2-1/2

[Event "I. CLANSKA LIGA ZAHOD 2024"]
[Site "Komenda"]
[Date "2024.10.11"]
[Round "4.2"]
[White "Pavlin, Ivan"]
[Black "Pucelj, Joze"]
[Result "1/2-1/2"]
[WhiteElo "1906"]
[BlackElo "1986"]
[PlyCount "62"]
[EventDate "2024.09.27"]
[WhiteTeam "SD SIJ ACRONI JESENICE"]
[BlackTeam "SK DOLENJSKE TOPLICE"]

1. d4 Nf6 2. c4 g6 3. Nc3 c5 4. d5 Bg7 5. e4 d6 6. Be2 O-O 7. Nf3 e6 8. O-O
exd5 9. exd5 Re8 10. Bg5 Bg4 11. h3 Bxf3 12. Bxf3 Nbd7 13. Qc2 a6 14. Rae1 Qc7
15. Bd2 Nf8 16. Bd1 Qd7 17. Be2 Re7 18. Bd3 Rae8 19. Rxe7 Rxe7 20. Re1 Rxe1+
21. Bxe1 Nh5 22. Bd2 f5 23. Ne2 Be5 24. f4 Bg7 25. b4 Qc7 26. Qa4 Nd7 27. b5
axb5 28. Qxb5 Nhf6 29. Ng3 Nf8 30. Qb1 Qe7 31. Qe1 Qd7 1/2-1/2

[Event "I. CLANSKA LIGA ZAHOD 2024"]
[Site "Komenda"]
[Date "2024.10.11"]
[Round "4.2"]
[White "Voglar, Peter"]
[Black "Ravnik, Franc"]
[Result "1-0"]
[WhiteElo "1858"]
[BlackElo "1847"]
[PlyCount "41"]
[EventDate "2024.09.27"]
[WhiteTeam "SK DOLENJSKE TOPLICE"]
[BlackTeam "SD SIJ ACRONI JESENICE"]

1. c4 e5 2. e3 Nf6 3. d4 exd4 4. exd4 d5 5. Nf3 Be7 6. Nc3 O-O 7. h3 b6 8. cxd5
Nxd5 9. Be2 Bb7 10. O-O Bf6 11. Ne4 Be7 12. a3 Nd7 13. Re1 N7f6 14. Ng3 Bd6 15.
Ne5 c5 16. Nf5 Bc7 17. Bb5 Ne7 18. Nxe7+ Qxe7 19. Ng6 Qd6 20. Bf4 Qd5 21. Ne7+
1-0

[Event "I. CLANSKA LIGA ZAHOD 2024"]
[Site "Komenda"]
[Date "2024.10.11"]
[Round "4.3"]
[White "Feinig, Mario"]
[Black "Lucovnik, Tilen"]
[Result "0-1"]
[WhiteElo "2247"]
[BlackElo "2169"]
[PlyCount "76"]
[EventDate "2024.09.27"]
[WhiteTeam "SK STARI MAYR KRANJ"]
[BlackTeam "SK KOMENDA"]

1. e4 d6 2. d4 Nf6 3. Nc3 e5 4. Nf3 Nbd7 5. Bc4 Be7 6. O-O O-O 7. Re1 c6 8. a4
a5 9. Ba2 exd4 10. Nxd4 Nc5 11. Bf4 Re8 12. h3 Qb6 13. Qd2 Qb4 14. e5 dxe5 15.
Rxe5 Rd8 16. Rxe7 Ne6 17. Rxe6 Rxd4 18. Qxd4 Qxd4 19. Rd6 Qb6 20. Nb5 Bd7 21.
Rad1 Qc5 22. Rxf6 gxf6 23. Rxd7 cxb5 24. Rxf7 Kh8 25. Rxf6 Rd8 26. Rf7 h5 27.
h4 Rd1+ 28. Kh2 Ra1 29. Bb3 bxa4 30. Be6 Re1 31. Rf5 Qxc2 32. Rxh5+ Kg7 33. Bf5
Qxf2 34. Bg3 Qg1+ 35. Kh3 Re3 36. Rg5+ Kf6 37. Bh7 Qh1+ 38. Kg4 Qxg2 0-1

[Event "I. CLANSKA LIGA ZAHOD 2024"]
[Site "Komenda"]
[Date "2024.10.11"]
[Round "4.3"]
[White "Keber, Aljosa"]
[Black "Djuric, Petar"]
[Result "1/2-1/2"]
[WhiteElo "2103"]
[BlackElo "2186"]
[PlyCount "61"]
[EventDate "2024.09.27"]
[WhiteTeam "SK KOMENDA"]
[BlackTeam "SK STARI MAYR KRANJ"]

1. c4 c5 2. g3 Nf6 3. Bg2 g6 4. Nc3 Bg7 5. Nf3 Nc6 6. O-O O-O 7. d4 cxd4 8.
Nxd4 Nxd4 9. Qxd4 d6 10. Qd3 Bf5 11. e4 Be6 12. b3 Nd7 13. Be3 Nc5 14. Qd2 a5
15. Rad1 Qc8 16. f4 Bxc3 17. Qxc3 Bh3 18. Bxh3 Qxh3 19. Bxc5 dxc5 20. Qe5 a4
21. Qxc5 axb3 22. axb3 Ra2 23. Rf2 Rxf2 24. Qxf2 Ra8 25. Qf1 Qe6 26. Qd3 Ra2
27. f5 Qb6+ 28. Kh1 Rb2 29. Qd8+ Qxd8 30. Rxd8+ Kg7 31. Rd7 1/2-1/2

[Event "I. CLANSKA LIGA ZAHOD 2024"]
[Site "Komenda"]
[Date "2024.10.11"]
[Round "4.3"]
[White "Mircic, Ivan"]
[Black "Zidar, Jernej"]
[Result "1/2-1/2"]
[WhiteElo "2208"]
[BlackElo "2055"]
[PlyCount "77"]
[EventDate "2024.09.27"]
[WhiteTeam "SK STARI MAYR KRANJ"]
[BlackTeam "SK KOMENDA"]

1. Nf3 d5 2. e3 Nf6 3. c4 c6 4. b3 e6 5. Bb2 Bd6 6. Be2 Nbd7 7. d4 O-O 8. O-O
Qe7 9. cxd5 exd5 10. Nc3 Ne4 11. Nxe4 dxe4 12. Nd2 Nf6 13. Nc4 Nd5 14. Nxd6
Qxd6 15. Qc2 f5 16. Bc4 Be6 17. Rac1 Rf6 18. Bxd5 Bxd5 19. Qc5 Qd7 20. Ba3 f4
21. Qe7 Qc8 22. exf4 Rxf4 23. Rc3 Rf7 24. Qg5 h5 25. Bd6 Qf5 26. Qxf5 Rxf5 27.
a4 Kf7 28. Rb1 Ke6 29. Be5 Rf7 30. Kf1 Raf8 31. Bg3 b5 32. Ke2 Rb7 33. Ra1 Ra8
34. Kd2 bxa4 35. bxa4 Rb4 36. Ke3 Rb7 37. Rac1 Rb2 38. h4 g6 39. Kf4 {nejasno 
(44)} 1/2-1/2

[Event "I. CLANSKA LIGA ZAHOD 2024"]
[Site "Komenda"]
[Date "2024.10.11"]
[Round "4.3"]
[White "Perme, Martin"]
[Black "Kersic, Matej"]
[Result "0-1"]
[WhiteElo "1902"]
[BlackElo "2082"]
[PlyCount "60"]
[EventDate "2024.09.27"]
[WhiteTeam "SK KOMENDA"]
[BlackTeam "SK STARI MAYR KRANJ"]

1. e4 c5 2. Nf3 Nc6 3. d4 cxd4 4. Nxd4 Nf6 5. Nc3 d6 6. Be3 Ng4 7. Nxc6 bxc6 8.
Qd2 Nxe3 9. Qxe3 e6 10. Bd3 Be7 11. O-O O-O 12. Rad1 Qc7 13. f4 Qb6 14. Qxb6
axb6 15. f5 Bf6 16. Bc4 d5 17. exd5 exd5 18. Bb3 b5 19. Ne2 Bxb2 20. Ng3 Bb7
21. Rfe1 Rfe8 22. Kf1 b4 23. Rxe8+ Rxe8 24. Ba4 Bc3 25. Kf2 Re5 26. a3 bxa3 27.
Bb3 Ba6 28. Rb1 Kf8 29. Ba2 Bb2 30. Kf3 Bc4 0-1

[Event "I. CLANSKA LIGA ZAHOD 2024"]
[Site "Komenda"]
[Date "2024.10.11"]
[Round "4.3"]
[White "Podvrsnik, Marko"]
[Black "Novak, Anze"]
[Result "1/2-1/2"]
[WhiteElo "2116"]
[BlackElo "1823"]
[PlyCount "69"]
[EventDate "2024.09.27"]
[WhiteTeam "SK STARI MAYR KRANJ"]
[BlackTeam "SK KOMENDA"]

1. d4 Nf6 2. Nf3 g6 3. c4 Bg7 4. Nc3 d5 5. g3 O-O 6. Bg2 c6 7. O-O Nbd7 8. b3
Re8 9. Bb2 Qa5 10. Ne5 Nxe5 11. dxe5 Ne4 12. Nxe4 dxe4 13. Qe1 Qxe1 14. Rfxe1
Bf5 15. h3 h5 16. Red1 Red8 17. e3 f6 18. exf6 Bxf6 19. Bxf6 exf6 20. Kf1 Kf7
21. Ke1 Ke7 22. Rd4 c5 23. Rxd8 Rxd8 24. Rd1 Rxd1+ 25. Kxd1 b6 26. Kd2 Kd6 27.
g4 hxg4 28. hxg4 Bxg4 29. Bxe4 f5 30. Bd5 g5 31. f4 gxf4 32. exf4 Bh5 33. a3 a5
34. Kc3 Be8 35. Bg2 1/2-1/2

[Event "I. CLANSKA LIGA ZAHOD 2024"]
[Site "Komenda"]
[Date "2024.10.11"]
[Round "4.3"]
[White "Macek, Inti"]
[Black "Skok, Boris"]
[Result "0-1"]
[WhiteElo "1750"]
[BlackElo "1956"]
[PlyCount "82"]
[EventDate "2024.09.27"]
[WhiteTeam "SK KOMENDA"]
[BlackTeam "SK STARI MAYR KRANJ"]

1. d4 Nf6 2. Nf3 d5 3. c4 e6 4. Nc3 Bb4 5. Bg5 h6 6. Bxf6 Qxf6 7. Qa4+ Nc6 8.
Ne5 O-O 9. Nxc6 Bxc3+ 10. bxc3 Bd7 11. cxd5 exd5 12. e3 a6 13. Be2 Bxc6 14. Qb3
b6 15. O-O Qe6 16. Bf3 Rad8 17. Rfe1 Rfe8 18. Rac1 a5 19. Qc2 Re7 20. c4 dxc4
21. Bxc6 Qxc6 22. Qxc4 Qd6 23. Qc6 Qa3 24. Rc2 Rxd4 25. Qa8+ Kh7 26. Rxc7 Qb4
27. Rcc1 Rd2 28. Qf3 Qe4 29. Qxe4+ Rxe4 30. Rb1 Ra4 31. Rxb6 Raxa2 32. Rf1 a4
33. Rbb1 a3 34. Ra1 Rxa1 35. Rxa1 a2 36. g3 Kg6 37. Kg2 Kf5 38. Kf3 Ke5 39. Rc1
Kd5 40. e4+ Kd4 41. e5 Rb2 0-1

[Event "I. CLANSKA LIGA ZAHOD 2024"]
[Site "Komenda"]
[Date "2024.10.11"]
[Round "4.4"]
[White "Milenkovic, Mladen"]
[Black "Praznik, Niko"]
[Result "1/2-1/2"]
[WhiteElo "2295"]
[BlackElo "2313"]
[PlyCount "65"]
[EventDate "2024.09.27"]
[WhiteTeam "SD DOMZALE"]
[BlackTeam "SD VRHNIKA"]

1. e4 Nc6 2. Nc3 Nf6 3. f4 d5 4. e5 Ne4 5. Nf3 Bg4 6. Bb5 e6 7. Qe2 Nxc3 8.
dxc3 a6 9. Bxc6+ bxc6 10. Be3 Qb8 11. b3 Ba3 12. Rb1 a5 13. O-O Be7 14. h3 Bxf3
15. Qxf3 O-O 16. g4 f5 17. exf6 gxf6 18. f5 e5 19. Bh6 Rf7 20. Kh1 Qc8 21. h4
e4 22. Qe3 Qd7 23. Rf2 Bf8 24. Rg1 d4 25. cxd4 Bxh6 26. Qxh6 Qxd4 27. Qf4 Re8
28. g5 fxg5 29. Rxg5+ Kh8 30. Rfg2 c5 31. Qg3 Qd1+ 32. Kh2 Qd6 33. Re2 1/2-1/2

[Event "I. CLANSKA LIGA ZAHOD 2024"]
[Site "Komenda"]
[Date "2024.10.11"]
[Round "4.4"]
[White "Justin, Matjaz"]
[Black "Jusic, Zdenko"]
[Result "0-1"]
[WhiteElo "2215"]
[BlackElo "2231"]
[PlyCount "74"]
[EventDate "2024.09.27"]
[WhiteTeam "SD VRHNIKA"]
[BlackTeam "SD DOMZALE"]

1. e4 d6 2. d4 Nf6 3. Nc3 e5 4. Nf3 Qe7 5. Be2 c6 6. O-O Bg4 7. a4 a5 8. b3 Qc7
9. Ba3 Be7 10. Nh4 Be6 11. Nf5 Bxf5 12. exf5 O-O 13. g4 h6 14. Kh1 Na6 15. Bxa6
Rxa6 16. Rg1 b5 17. dxe5 dxe5 18. Bxe7 Qxe7 19. Qf3 b4 20. Ne4 Rd8 21. Rad1
Raa8 22. Nxf6+ Qxf6 23. h3 Rac8 24. Rge1 Rd5 25. Rxd5 cxd5 26. Qxd5 Rxc2 27.
Qxe5 Rxf2 28. Qxf6 gxf6 29. Re8+ Kg7 30. Ra8 Rb2 31. Rxa5 Rxb3 32. Kg2 Ra3 33.
Ra6 Ra2+ 34. Kg3 Ra1 35. a5 b3 36. Rb6 Ra3 37. a6 b2+ 0-1

[Event "I. CLANSKA LIGA ZAHOD 2024"]
[Site "Komenda"]
[Date "2024.10.11"]
[Round "4.4"]
[White "Plaskan, Jure"]
[Black "Siraj, Anej"]
[Result "1-0"]
[WhiteElo "2239"]
[BlackElo "2075"]
[PlyCount "71"]
[EventDate "2024.09.27"]
[WhiteTeam "SD DOMZALE"]
[BlackTeam "SD VRHNIKA"]

1. e4 e5 2. Nf3 Nc6 3. Bb5 g6 4. c3 d6 5. O-O a6 6. Ba4 Bd7 7. d4 b5 8. Bb3 Bg7
9. a4 Nge7 10. dxe5 Nxe5 11. Nxe5 dxe5 12. axb5 axb5 13. Rxa8 Qxa8 14. Bxf7+
Kxf7 15. Qxd7 Qc6 16. Qd3 Rb8 17. Bg5 h6 18. Qf3+ Ke8 19. Bd2 Rd8 20. Be3 Qc4
21. Na3 Qb3 22. Qe2 c6 23. Bc5 Bf6 24. g3 Ng8 25. f4 Be7 26. Bxe7 Nxe7 27. f5
b4 28. cxb4 Qxb4 29. f6 Rd2 30. Qe3 Nf5 31. exf5 Qxb2 32. Rb1 Rg2+ 33. Kf1 Qa2
34. Qxe5+ Kd7 35. Rb7+ Kc8 36. Qc7# 1-0

[Event "I. CLANSKA LIGA ZAHOD 2024"]
[Site "Komenda"]
[Date "2024.10.11"]
[Round "4.4"]
[White "Siraj, Svit"]
[Black "Debevec, Blaz"]
[Result "1/2-1/2"]
[WhiteElo "2048"]
[BlackElo "2066"]
[PlyCount "111"]
[EventDate "2024.09.27"]
[WhiteTeam "SD VRHNIKA"]
[BlackTeam "SD DOMZALE"]

1. e4 e5 2. Nf3 Nc6 3. Nc3 Nf6 4. Bb5 Bb4 5. O-O O-O 6. d3 Nd4 7. Nxd4 exd4 8.
Ne2 c6 9. c3 Be7 10. Ba4 dxc3 11. bxc3 d5 12. e5 Nd7 13. d4 f6 14. f4 Nb6 15.
Bc2 f5 16. g4 g6 17. Ng3 Kh8 18. gxf5 Bxf5 19. Bd3 Qd7 20. Nxf5 gxf5 21. Be3
Nc4 22. Bxc4 dxc4 23. Qf3 Rg8+ 24. Kh1 Rg4 25. Rg1 Rag8 26. h3 Rxg1+ 27. Rxg1
Qd5 28. Qxd5 Rxg1+ 29. Kxg1 cxd5 30. Kf2 Kg8 31. Ke2 Kf7 32. Bf2 Ke6 33. Kd2
Kd7 34. Kc2 Kc6 35. Kb2 Kb5 36. a3 Ka4 37. Ka2 a6 38. Be1 b5 39. Bf2 a5 40. Be1
h6 41. Bf2 b4 42. axb4 axb4 43. Be1 bxc3 44. Bxc3 Bh4 45. Kb2 Kb5 46. Kc2 Bg3
47. Bd2 Bf2 48. Kc3 h5 49. Bc1 Be1+ 50. Bd2 Bh4 51. Be3 Be7 52. Bf2 Ka4 53. Kc2
Bb4 54. Bh4 Kb5 55. Bg3 Kc6 56. Bh4 1/2-1/2

[Event "I. CLANSKA LIGA ZAHOD 2024"]
[Site "Komenda"]
[Date "2024.10.11"]
[Round "4.4"]
[White "Turek, Lan Timotej"]
[Black "Praznik, Anton"]
[Result "1-0"]
[WhiteElo "2017"]
[BlackElo "1967"]
[PlyCount "74"]
[EventDate "2024.09.27"]
[WhiteTeam "SD DOMZALE"]
[BlackTeam "SD VRHNIKA"]

1. e4 d6 2. c3 e5 3. d4 Nc6 4. h3 Nf6 5. Qd3 d5 6. exd5 Qxd5 7. dxe5 Qxd3 8.
Bxd3 Nxe5 9. Bc2 Bd6 10. Ne2 O-O 11. O-O b6 12. Nd4 Ba6 13. Rd1 Ng6 14. Bg5
Rfe8 15. Bxf6 gxf6 16. Nd2 Bb7 17. Ba4 Re5 18. N2f3 Ra5 19. Bc2 Ne5 20. Nh4 Ng6
21. Nhf5 Nf4 22. f3 Bc5 23. Kh2 Ne6 24. Nb3 Ra6 25. a4 Ng7 26. Nh6+ Kf8 27.
Nxc5 bxc5 28. Rd7 Re6 29. Rxf7+ Ke8 30. Rxg7 Re2 31. Bd3 Re7 32. Rg8+ Kd7 33.
Bf5+ Kd6 34. Rd1+ Ke5 35. Re1+ Kd6 36. Rxe7 Kxe7 37. Rxa8 Bxa8 1-0

[Event "I. CLANSKA LIGA ZAHOD 2024"]
[Site "Komenda"]
[Date "2024.10.11"]
[Round "4.4"]
[White "Racnik, Tone"]
[Black "Zmaucar, Miha"]
[Result "0-1"]
[WhiteElo "1891"]
[BlackElo "1919"]
[PlyCount "82"]
[EventDate "2024.09.27"]
[WhiteTeam "SD VRHNIKA"]
[BlackTeam "SD DOMZALE"]

1. e4 d5 2. e5 c5 3. c3 d4 4. d3 Nc6 5. Bf4 Bf5 6. Nf3 Qb6 7. Qd2 e6 8. c4 h6
9. Be2 g5 10. Bg3 Bg7 11. O-O Qc7 12. Na3 a6 13. Rfe1 Nge7 14. Nc2 Ng6 15. b4
g4 16. Nh4 Nxh4 17. Bxh4 Bxe5 18. g3 b6 19. a4 f6 20. f3 h5 21. bxc5 bxc5 22.
f4 Bd6 23. Bxf6 Rh7 24. Bf1 h4 25. Bg2 hxg3 26. hxg3 Kf7 27. Bg5 Rg8 28. Be4
Rxg5 29. fxg5 Bxg3 30. g6+ Kxg6 31. Re2 Ne5 32. Rf1 Bxe4 33. Rxe4 Rh2 34. Qd1
Rh4 35. Ne1 Bxe1 36. Qxe1 Nf3+ 37. Rxf3 Qh2+ 38. Kf1 Qh1+ 39. Ke2 gxf3+ 40. Kd1
Qxe1+ 41. Kxe1 Rxe4+ 0-1

[Event "I. CLANSKA LIGA ZAHOD 2024"]
[Site "Komenda"]
[Date "2024.10.11"]
[Round "4.5"]
[White "Rusjan, Miran"]
[Black "Trussevich, Sergey"]
[Result "1-0"]
[WhiteElo "2259"]
[BlackElo "2209"]
[PlyCount "129"]
[EventDate "2024.09.27"]
[WhiteTeam "SK NOVA GORICA"]
[BlackTeam "TAJFUN - SK LJUBLJANA"]

1. d4 d5 2. c4 e6 3. Nc3 c5 4. cxd5 cxd4 5. Qa4+ Bd7 6. Qxd4 exd5 7. Qxd5 Nc6
8. Nf3 Nf6 9. Qd1 Bc5 10. e3 Qe7 11. Bc4 O-O-O 12. O-O Kb8 13. Qc2 g5 14. e4 g4
15. Bf4+ Ka8 16. Ng5 Nd4 17. Qc1 Be8 18. e5 Nh5 19. Nge4 Nxf4 20. Qxf4 Bc6 21.
Qf6 Qxf6 22. exf6 Bb6 23. Ng5 Rc8 24. Bxf7 Rhf8 25. Bd5 Rxf6 26. Bxc6 bxc6 27.
Rae1 Rg8 28. Nge4 Re6 29. Ng3 Rge8 30. Rxe6 Rxe6 31. Rd1 Re5 32. Kf1 Re6 33.
Re1 Rh6 34. Re4 Rg6 35. Re8+ Kb7 36. Re7+ Ka6 37. Rxh7 Nc2 38. Nge4 Bd4 39. Re7
Rh6 40. Kg1 Kb6 41. Re8 Rg6 42. Kf1 Kc7 43. Ke2 Kd7 44. Ra8 Bb6 45. Rh8 Nd4+
46. Kd3 Ne6 47. Rh7+ Kd8 48. Kc4 Nf4 49. g3 Nh3 50. f3 Ng1 51. f4 Nf3 52. f5
Rg8 53. Nd6 Rf8 54. Nce4 Ne5+ 55. Kc3 Nd7 56. Ng5 Kc7 57. Nde4 Rxf5 58. Ne6+
Kb8 59. Rh8+ Nf8 60. Rxf8+ Rxf8 61. Nxf8 Bg1 62. Nd7+ Kc7 63. Ndf6 Bxh2 64.
Nxg4 Bg1 65. Nef2 1-0

[Event "I. CLANSKA LIGA ZAHOD 2024"]
[Site "Komenda"]
[Date "2024.10.11"]
[Round "4.5"]
[White "Srebrnic, Vojko"]
[Black "Herega, Nejc"]
[Result "1/2-1/2"]
[WhiteElo "2074"]
[BlackElo "2196"]
[PlyCount "64"]
[EventDate "2024.09.27"]
[WhiteTeam "TAJFUN - SK LJUBLJANA"]
[BlackTeam "SK NOVA GORICA"]

1. Nf3 Nf6 2. c4 c5 3. Nc3 Nc6 4. d4 cxd4 5. Nxd4 g6 6. e4 Nxd4 7. Qxd4 d6 8.
Be2 Bg7 9. Be3 O-O 10. Qd2 a5 11. O-O a4 12. Rad1 Qa5 13. f3 Be6 14. Nd5 Nxd5
15. cxd5 Bd7 16. Qxa5 Rxa5 17. Bb6 Bb5 18. Rf2 Bxe2 19. Rxe2 Rb5 20. Bd4 Rc8
21. Bxg7 Kxg7 22. Rd4 Rc1+ 23. Kf2 Rb1 24. Rxa4 R1xb2 25. Rd4 Rb1 26. Rc4 R5b2
27. Rcc2 Rb5 28. Ke3 g5 29. g3 Ra5 30. Rb2 Ra3+ 31. Kf2 Rh1 32. Kg2 Rc1 1/2-1/2

[Event "I. CLANSKA LIGA ZAHOD 2024"]
[Site "Komenda"]
[Date "2024.10.11"]
[Round "4.5"]
[White "Zamar Kodelja, Jurij"]
[Black "Belyaletdinov, Leonard"]
[Result "1-0"]
[WhiteElo "2239"]
[BlackElo "1843"]
[PlyCount "41"]
[EventDate "2024.09.27"]
[WhiteTeam "SK NOVA GORICA"]
[BlackTeam "TAJFUN - SK LJUBLJANA"]

1. d4 Nf6 2. c4 d6 3. Nf3 g6 4. Nc3 Bg7 5. g3 O-O 6. Bg2 Nbd7 7. O-O e5 8. e4
c6 9. h3 Qc7 10. Be3 Ne8 11. Qc2 f5 12. exf5 gxf5 13. Rad1 Ndf6 14. dxe5 Ne4
15. exd6 N8xd6 16. c5 Nc4 17. Bf4 Qe7 18. Nxe4 Qxe4 19. Qb3 Qe6 20. Ng5 Qe2 21.
Rfe1 1-0

[Event "I. CLANSKA LIGA ZAHOD 2024"]
[Site "Komenda"]
[Date "2024.10.11"]
[Round "4.5"]
[White "Glavac, Leo"]
[Black "Gregoric, Andraz"]
[Result "0-1"]
[WhiteElo "1798"]
[BlackElo "2175"]
[PlyCount "170"]
[EventDate "2024.09.27"]
[WhiteTeam "TAJFUN - SK LJUBLJANA"]
[BlackTeam "SK NOVA GORICA"]

1. e4 e5 2. Nf3 Nc6 3. Bb5 a6 4. Ba4 Nf6 5. d3 d6 6. c3 g6 7. O-O Bg7 8. Re1
O-O 9. Nbd2 b5 10. Bc2 Bb7 11. Nf1 d5 12. exd5 Nxd5 13. Ng5 h6 14. Ne4 Qe7 15.
Ne3 Nd8 16. Nxd5 Bxd5 17. f4 f5 18. Nf2 Qd6 19. Bb3 Bxb3 20. Qxb3+ Kh7 21. g3
c5 22. Bd2 Ra7 23. Re2 Nc6 24. Rae1 Re7 25. Be3 Rfe8 26. Kf1 Rd8 27. Qa3 c4 28.
Qxd6 Rxd6 29. dxc4 bxc4 30. fxe5 Bxe5 31. Bb6 Red7 32. Nh3 g5 33. Ng1 Kg7 34.
Nf3 Bf6 35. Re6 Kf7 36. Rxd6 Rxd6 37. Re2 Rd1+ 38. Re1 Rd3 39. Re3 Rd5 40. Re2
Rb5 41. Be3 a5 42. Rc2 a4 43. Ke2 Ke6 44. Rd2 a3 45. bxa3 Ra5 46. Bb6 Rxa3 47.
Bc5 Ra6 48. a3 g4 49. Rd6+ Kf7 50. Nd2 Be7 51. Rd7 Ke6 52. Rxe7+ Nxe7 53. Nxc4
h5 54. Nd2 Nc6 55. Bf8 Ne5 56. Bb4 Kd5 57. Ke3 Ng6 58. c4+ Ke5 59. Bc3+ Ke6 60.
Bb4 f4+ 61. gxf4 Kf5 62. Nb3 Re6+ 63. Kf2 Re4 64. c5 Rxf4+ 65. Kg1 Ne5 66. Na5
Rd4 67. Nb7 Kf4 68. Kg2 Nc6 69. Be1 Rc4 70. Bg3+ Kg5 71. Nd6 Rc2+ 72. Kg1 Ra2
73. Ne4+ Kg6 74. h3 Rxa3 75. Kg2 Ra2+ 76. Bf2 Ne7 77. hxg4 hxg4 78. Ng3 Nf5 79.
Nf1 Rc2 80. Kg1 Kg5 81. Kg2 Kf4 82. Kg1 g3 83. Be1 g2 84. Nh2 Ne3 85. c6 Rc1
0-1

[Event "I. CLANSKA LIGA ZAHOD 2024"]
[Site "Komenda"]
[Date "2024.10.11"]
[Round "4.5"]
[White "Sundac, Ivano"]
[Black "Markus, David"]
[Result "1-0"]
[WhiteElo "2193"]
[BlackElo "1771"]
[PlyCount "81"]
[EventDate "2024.09.27"]
[WhiteTeam "SK NOVA GORICA"]
[BlackTeam "TAJFUN - SK LJUBLJANA"]

1. d4 Nf6 2. Nf3 e6 3. c4 Bb4+ 4. Bd2 Qe7 5. a3 Bxd2+ 6. Qxd2 b6 7. Nc3 Bb7 8.
g3 O-O 9. Bg2 c5 10. d5 d6 11. O-O e5 12. e4 Nbd7 13. Ne1 Ba6 14. b3 Rab8 15.
a4 Ne8 16. Nb5 Rb7 17. Nd3 Bxb5 18. axb5 f5 19. exf5 Rxf5 20. Rae1 g6 21. f4
Ng7 22. Bh3 Rf7 23. Bxd7 Rxd7 24. fxe5 Rxf1+ 25. Kxf1 Nf5 26. exd6 Qxd6 27. Kg2
Kg7 28. Nf4 Nd4 29. Qb2 Qf6 30. Ne6+ Nxe6 31. Qxf6+ Kxf6 32. Rxe6+ Kg7 33. Kf3
Kf7 34. Ke4 Rd8 35. Ke5 Rd7 36. Rf6+ Ke7 37. d6+ Ke8 38. Ke6 Rg7 39. g4 h5 40.
g5 Rh7 41. Rxg6 1-0

[Event "I. CLANSKA LIGA ZAHOD 2024"]
[Site "Komenda"]
[Date "2024.10.11"]
[Round "4.5"]
[White "Samotorcan, Gal"]
[Black "Markocic, Tine"]
[Result "0-1"]
[WhiteElo "1702"]
[BlackElo "2077"]
[PlyCount "126"]
[EventDate "2024.09.27"]
[WhiteTeam "TAJFUN - SK LJUBLJANA"]
[BlackTeam "SK NOVA GORICA"]

1. d4 d5 2. c4 e6 3. Nf3 Nf6 4. Nc3 a6 5. Bf4 dxc4 6. e3 Nd5 7. Bg5 f6 8. Bh4
Bb4 9. Qc1 b5 10. e4 Ne7 11. Be2 Bb7 12. Qe3 Ng6 13. Bg3 O-O 14. O-O Nd7 15. a3
Bd6 16. e5 fxe5 17. Nxe5 Ngxe5 18. Bxe5 Qe7 19. Bxd6 cxd6 20. Bg4 e5 21. dxe5
Nxe5 22. f4 Ng6 23. Qxe7 Nxe7 24. Rad1 Rf6 25. Rfe1 Kf7 26. Ne4 Bxe4 27. Rxe4
d5 28. Red4 Rd8 29. Bf3 Rfd6 30. Kf2 a5 31. g4 Ke6 32. f5+ Ke5 33. R4d2 R8d7
34. h3 d4 35. Re2+ Kf6 36. Rde1 d3 37. g5+ Kf7 38. Re5 Nd5 39. Rd1 b4 40. axb4
axb4 41. Be4 c3 42. Bxd3 Nb6 43. g6+ hxg6 44. fxg6+ Kf6 45. Rf5+ Kxg6 46. Rg1+
Kh6 47. Rf4 Rf6 48. Rxf6+ gxf6 49. Ke2 Nd5 50. Bf5 Re7+ 51. Kf2 cxb2 52. Rb1
Nc3 53. Rf1 Re2+ 54. Kf3 b3 55. h4 Rc2 56. Re1 b1=Q 57. Re7 Qf1+ 58. Ke3 Qe2+
59. Kf4 Qxe7 60. Be6 Qxe6 61. h5 Qe4+ 62. Kg3 Rg2+ 63. Kh3 Qg4# 0-1